Statistiques concernant Culture Générale - Série 1332

Cliquez ici pour prendre le quiz!

Statistiques générales

  • Ce quiz a été pris 60 fois
  • Le résultat moyen est 7 sur 10

Statistiques - réponses

QuestionRéponse% Correct
Dans quel pays la Garonne prend-elle sa source ?Espagne
100%
Généralement, combien de mois dure, en moyenne, la grossesse d'une femme ?9
100%
Complétez ce proverbe extrait de l'Avare, de Molière : "Il faut manger pour vivre, et non pas ...vivre pour manger
95%
A quel petit de la chèvre compare-t-on une personne qui effectue de petits sauts ?cabri
82%
Quelle danse brésilienne, sur un rythme à deux temps, proche de la rumba cubaine, enflamme les défilés du carnaval de Rio ?samba
77%
Qui est devenu président des États-Unis en 1981 ?Ronald Reagan
72%
De quel livre saint la Vulgate est-elle une traduction latine, reconnue authentique en 1546 ?Bible
70%
Sur quelle île est né le peintre surnommé "Le Greco" ?Crète
47%
Quelle romancière britannique, prénommée Daphné, est l'auteur de “Rebecca” et de “L'Auberge de la Jamaïque” ?Daphné Du Maurier
35%
Sous quel nom connait-on mieux Charles de Batz ?d'Artagnan
7%

Distribution des résultats

Percentile par nombre de réponses

% des personnes avec chaque résultat

Votre développement - résultats

Vous n’avez pas pris ce quiz